| 000 -LEADER |
| fixed length control field |
01985nam a2200301 a 4500 |
| 001 - CONTROL NUMBER |
| control field |
ASIN1849040494 |
| 005 - DATE AND TIME OF LATEST TRANSACTION |
| control field |
20170105102846.0 |
| 008 - FIXED-LENGTH DATA ELEMENTS--GENERAL INFORMATION |
| fixed length control field |
130815s2011 xxu eng d |
| 020 ## - INTERNATIONAL STANDARD BOOK NUMBER |
| International Standard Book Number |
1849040494 (hardcover) |
| Terms of availability |
$37.50 |
| 020 ## - INTERNATIONAL STANDARD BOOK NUMBER |
| International Standard Book Number |
9781849040495 (hardcover) |
| 040 ## - CATALOGING SOURCE |
| Original cataloging agency |
0 |
| 050 04 - LIBRARY OF CONGRESS CALL NUMBER |
| Classification number |
DS395.7.A2 |
| 082 04 - DEWEY DECIMAL CLASSIFICATION NUMBER |
| Classification number |
954.92046 |
| 100 1# - MAIN ENTRY--PERSONAL NAME |
| Personal name |
Bose, Sarmila. |
| 245 10 - TITLE STATEMENT |
| Title |
Dead reckoning : |
| Remainder of title |
memories of the 1971 bangladesh war / |
| Statement of responsibility, etc. |
Sarmila Bose. |
| 260 ## - PUBLICATION, DISTRIBUTION, ETC. |
| Place of publication, distribution, etc. |
[S.l.] : |
| Name of publisher, distributor, etc. |
Hurst, |
| Date of publication, distribution, etc. |
2011. |
| 300 ## - PHYSICAL DESCRIPTION |
| Extent |
288 p. ; |
| Dimensions |
23 cm. |
| 520 ## - SUMMARY, ETC. |
| Summary, etc. |
This ground-breaking book chronicles the 1971 war in South Asia by reconstituting the memories of those on opposing sides of the conflict. 1971 was marked by a bitter civil war within Pakistan and war between India and Pakistan, backed respectively by the Soviet Union and the United States. It was fought over the territory of East Pakistan, which seceded to become Bangladesh. Through a detailed investigation of events on the ground, Sarmila Bose contextualises and humanises the war while analysing what the events reveal about the nature of the conflict itself. The story of 1971 has so far been dominated by the narrative of the victorious side. All parties to the war are still largely imprisoned by wartime partisan mythologies. Bose reconstructs events via interviews conducted in Bangladesh and Pakistan, published and unpublished reminiscences in Bengali and English of participants on all sides, official documents, foreign media reports and other sources. Her book challenges assumptions about the nature of the conflict, and exposes the ways in which the 1971 war is still playing out in the region. |
| 650 #0 - SUBJECT ADDED ENTRY--TOPICAL TERM |
| Topical term or geographic name entry element |
Bangladesh |
| 650 #0 - SUBJECT ADDED ENTRY--TOPICAL TERM |
| Topical term or geographic name entry element |
Collective memory |
| 650 #0 - SUBJECT ADDED ENTRY--TOPICAL TERM |
| Topical term or geographic name entry element |
Interviews |
| 650 #0 - SUBJECT ADDED ENTRY--TOPICAL TERM |
| Topical term or geographic name entry element |
Revolution (Bangladesh : 1971) |
| 650 #0 - SUBJECT ADDED ENTRY--TOPICAL TERM |
| Topical term or geographic name entry element |
Social aspects |
| 650 #0 - SUBJECT ADDED ENTRY--TOPICAL TERM |
| Topical term or geographic name entry element |
War and society |
| 650 #0 - SUBJECT ADDED ENTRY--TOPICAL TERM |
| Topical term or geographic name entry element |
War victims |
| 856 40 - ELECTRONIC LOCATION AND ACCESS |
| Materials specified |
Amazon.com |
| Uniform Resource Identifier |
<a href="http://www.amazon.com/exec/obidos/ASIN/1849040494/chopaconline-20">http://www.amazon.com/exec/obidos/ASIN/1849040494/chopaconline-20</a> |
| 942 ## - ADDED ENTRY ELEMENTS (KOHA) |
| Source of classification or shelving scheme |
|
| Koha item type |
Book |